Risky Map Clicking: Previous State Alphabetically Quiz Stats

 Plays Quiz Updated Mar 29, 2017

Score 0/50 Timer 11:00
5 Plays Today
% Correct
???
22.7%
???
22.4%
???
22.3%
???
22.3%
???
21.7%
???
21.6%
???
21.2%
???
21%
???
20.7%
???
20.7%
???
20.7%
???
20.6%
???
20.6%
???
20.6%
???
20.5%
???
20.5%
???
20.5%
???
20.4%
???
20.4%
???
20.4%
???
20.3%
???
20.1%
???
19.9%
???
19.8%
???
19.7%
% Correct
???
19.7%
???
19.4%
???
19.3%
???
19.2%
???
19.2%
???
19%
???
19%
???
19%
???
19%
???
18.7%
???
18.5%
???
18.5%
???
18.5%
???
18.5%
???
18.4%
???
18.1%
???
17.6%
???
17.6%
???
17.1%
???
17%
???
16.9%
???
16.9%
???
16.9%
???
16.8%
???
15.9%

You're not logged in!

Compare scores with friends on all Sporcle quizzes.
OR
Log In

You Might Also Like...

Show Comments

Extras

Top Quizzes Today


Score Distribution

Your Account Isn't Verified!

In order to create a playlist on Sporcle, you need to verify the email address you used during registration. Go to your Sporcle Settings to finish the process.

Report this User

Report this user for behavior that violates our Community Guidelines.

Details: